| Tag |
First Indicator |
Second Indicator |
Subfields |
| LEADER |
00000cgm a2200000Ia 4500 |
| 001 |
in00001661872 |
| 005 |
20151024122654.0 |
| 007 |
vd cgaizm |
| 008 |
020402p20001952cau065 vceng d |
| 028 |
4 |
2 |
|a ID9211PIDVD
|b Image Entertainment
|
| 035 |
|
|
|a (OCoLC)ocm45081924
|
| 040 |
|
|
|a CUY
|c CUY
|d TXA
|d UtOrBLW
|
| 043 |
|
|
|a n-us-ca
|
| 049 |
|
|
|a TXAM
|
| 090 |
|
|
|a PN1995.9.E96
|b F557 2000 v.2
|
| 245 |
0 |
4 |
|a The films of Charles and Ray Eames.
|n Volume 2 /
|c produced by Eames Demetrios and Shelley Mills.
|
| 246 |
1 |
|
|i Title on label:
|a Films of Charles & Ray Eames.
|n Volume 2
|
| 264 |
|
1 |
|a Chatsworth, CA :
|b Image Entertainment,
|c 2000.
|
| 300 |
|
|
|a 1 videodisc (65 min.) :
|b sound, color ;
|c 4 3/4 in.
|
| 336 |
|
|
|a two-dimensional moving image
|b tdi
|2 rdacontent
|
| 337 |
|
|
|a video
|b v
|2 rdamedia
|
| 338 |
|
|
|a videodisc
|b vd
|2 rdacarrier
|
| 538 |
|
|
|a DVD; Dolby digital mono.
|
| 511 |
0 |
|
|a Narrator: Gregory Peck.
|
| 520 |
|
|
|a Toccata for toy trains: a trip through a world of antique toys, and toy trains.
|
| 520 |
|
|
|a House : after five years of living: illustrates the home and studio designed and built by Charles Eames on a hill in California overlooking the ocean.
|
| 520 |
|
|
|a Lucia chase vignette: follows a sister chasing her brother through the Eames house and vicinity.
|
| 520 |
|
|
|a Kaleidoscope jazz chair: a kaleidoscope tour of the Eames office and their multicolored chairs.
|
| 520 |
|
|
|a The black ships: illustrates Admiral Perry's 1853 naval expedition to Japan through Japanese prints.
|
| 520 |
|
|
|a Atlas: a map of the Roman Empire expands and contracts, encapsulating the ebb and flow of the Empire's history.
|
| 520 |
|
|
|a Blacktop: a story of the washing of a school play yard focuses on the patterns and abstractions created by the soapy water.
|
| 505 |
0 |
|
|a Toccata for toy trains (1952) -- House : after five years of living (1955) -- Lucia chase vignette (1976) -- Kaleidoscope jazz chair (1960) -- The black ships (1970) -- Atlas -- Blacktop (1952).
|
| 500 |
|
|
|a Videorecording.
|
| 650 |
|
0 |
|a Railroads
|x Models.
|
| 650 |
|
0 |
|a Architecture, Domestic
|z California.
|
| 650 |
|
0 |
|a Office furniture.
|
| 611 |
|
0 |
|a United States Naval Expedition to Japan
|d (1852-1854)
|
| 655 |
|
7 |
|a Experimental films.
|2 lcgft
|
| 655 |
|
7 |
|a Short films.
|2 lcgft
|
| 700 |
1 |
|
|a Eames, Charles.
|
| 700 |
1 |
|
|a Eames, Ray.
|
| 700 |
1 |
|
|a Mills, Shelley.
|
| 700 |
1 |
|
|a Demetrios, Lucia Eames.
|
| 700 |
1 |
|
|a Demetrios, Eames.
|
| 700 |
1 |
|
|a Peck, Gregory,
|d 1916-2003.
|
| 710 |
2 |
|
|a Image Entertainment (Firm)
|
| 740 |
0 |
2 |
|a Toccata for toy trains.
|
| 740 |
0 |
2 |
|a House: after five years of living.
|
| 740 |
0 |
2 |
|a Lucia chase vignette.
|
| 740 |
0 |
2 |
|a Kaleidoscope jazz chair.
|
| 740 |
0 |
2 |
|a Black ships.
|
| 740 |
0 |
2 |
|a Atlas.
|
| 740 |
0 |
2 |
|a Blacktop: a story of the washing of a school play yard.
|
| 948 |
|
|
|a cataloged
|b h
|c 2002/7/15
|d c
|e mphillip
|f 12:00:33 pm
|
| 994 |
|
|
|a E0
|b TXA
|
| 999 |
|
|
|a MARS
|
| 999 |
f |
f |
|s 876c0df3-5528-3774-a330-d31c2be59057
|i 14e5759f-73ee-3210-841d-24fbf1abf440
|t 0
|
| 952 |
f |
f |
|p ric
|a Texas A&M University
|b Rellis Campus
|c Joint Library Facility
|d Remote Storage
|t 0
|e PN1995.9.E96 F557 2000 v.2
|h Library of Congress classification
|i video -- videodisc
|m A14826578094
|
| 998 |
f |
f |
|a PN1995.9.E96 F557 2000 v.2
|t 0
|l Remote Storage
|